| 000 | 00457nam a22001337a 4500 | ||
|---|---|---|---|
| 999 |
_c46421 _d46421 |
||
| 005 | 20190510202540.0 | ||
| 008 | 190510b ||||| |||| ph| 0 eng d | ||
| 100 | _aCo, Jonaly C. | ||
| 245 |
_aThe sacrament of baptism infant baptism or believer's baptism? / _cCo, Jonaly C. |
||
| 260 |
_aValenzuela City: _bBSOP; _c2016. |
||
| 300 |
_a22 leaves: _c28 cm. |
||
| 500 | _aThesis (M. Div.) -- Biblical Seminary of the Philippines, March, 2016. | ||
| 942 |
_2lcc _cTH |
||